000 00469nam a2200181Ia 4500
001 8175
005 20260306160549.0
008 260306t2006||||xx |||||||||||||| ||spa||
041 _aESP
082 _a370.115
_bT21
100 _aTapia, María Nieves
_eAUT
245 0 _aLa solidaridad como pedagogía:
_bel aprendizaje - servicio en la escuela
260 _c2006
300 _a312 páginas :
_c22 cm.
650 _aGEN
654 _aCED
942 _cLIB
_dJUS
_fJUS
_2ddc
_n
999 _c8175
_d8175